| 000 | 00900nas a2200313 4500 | ||
|---|---|---|---|
| 001 | BR2016003194 | ||
| 003 | BR-BrBNA | ||
| 005 | 20231205130501.0 | ||
| 007 | ta | ||
| 008 | 230509b bl.|||p| |||| 00| 00por d | ||
| 040 |
_aBR-BrBNA _bpor _cBiblioteca Nacional de Agricultura |
||
| 041 | _a(Pt) | ||
| 072 | _aH01; F61 | ||
| 100 | 1 | _aDias, K.G. de l. | |
| 100 | 1 | _aCarmo, D.L. do | |
| 100 | 1 | _aPozza, A.A.A. | |
| 100 | 1 | _aPozza, E.A. | |
| 100 | 1 | _aGuimarães, P.T.G. | |
| 245 | 1 | _aCobre via foliar na nutrição e na produção de mudasde cafeeiro | |
| 650 | _aCAFÉ | ||
| 650 | _aMUDA | ||
| 650 | _aPRODUÇÃO VEGETAL | ||
| 650 | _aCOBRE | ||
| 650 | _aMICROELEMENTO | ||
| 650 | _aPULVERIZAÇÃO FOLIAR | ||
| 773 | 0 |
_tCoffee Science (Brazil) _xISSN 1809-6875 _g(Oct-Dec 2015), v. 10(4) p. 516-526 _wBR2016003194 |
|
| 909 |
_a202311 _bLúcia _c55 _dLúcia Elande |
||
| 942 |
_2AGRIS _n0 _cANA |
||
| 999 |
_c249701 _d249701 |
||